Applied linear statistical models; (Record no. 12373)
[ view plain ]
| 000 -LEADER | |
|---|---|
| fixed length control field | 00588cam a2200193 4500 |
| 020 ## - INTERNATIONAL STANDARD BOOK NUMBER | |
| ISBN | 0256014981 |
| 040 ## - CATALOGING SOURCE | |
| Transcribing agency | DLC |
| 082 00 - DEWEY DECIMAL CLASSIFICATION NUMBER | |
| Classification number | 519 RDL 1974 A033 Or. |
| 100 1# - MAIN ENTRY--AUTHOR NAME | |
| Personal name | Neter, John. |
| 245 10 - TITLE STATEMENT | |
| Title | Applied linear statistical models; |
| Remainder of title | regression, analysis of variance, and experimental designs |
| 260 ## - PUBLICATION, DISTRIBUTION, ETC. (IMPRINT) | |
| Place of publication | Homewood, Ill., |
| Name of publisher | R. D. Irwin, |
| Year of publication | 1974. |
| 300 ## - PHYSICAL DESCRIPTION | |
| Number of Pages | xvii, 842 p. |
| Other physical details | illus. |
| Dimensions | 24 cm. |
| 650 #0 - SUBJECT ADDED ENTRY--TOPICAL TERM | |
| Topical Term | Regression analysis. |
| 650 #0 - SUBJECT ADDED ENTRY--TOPICAL TERM | |
| Topical Term | Analysis of variance. |
| 650 #0 - SUBJECT ADDED ENTRY--TOPICAL TERM | |
| Topical Term | Experimental design. |
| 650 #0 - SUBJECT ADDED ENTRY--TOPICAL TERM | |
| Topical Term | Linear models (Statistics) |
| 700 1# - ADDED ENTRY--PERSONAL NAME | |
| Personal name | Wasserman, William, |
| 942 ## - ADDED ENTRY ELEMENTS (KOHA) | |
| Koha item type | សៀវភៅភាសាអង់គ្លេស |
| 952 ## - LOCATION AND ITEM INFORMATION (KOHA) | |
| Withdrawn status [LOCAL, KOHA] | 0 |
| Permanent Location | Date acquired | Koha item type | Lost status | Shelving location | Barcode | Current Location | Full call number |
|---|---|---|---|---|---|---|---|
| Library Block A | 2017-08-12 | សៀវភៅភាសាអង់គ្លេស | A033 | A18016 | Library Block A | 519 RDL 1974 A033 Or. |